| 000 | 00488nam a2200181 4500 | ||
|---|---|---|---|
| 245 |
_aShakespeare _cGareth Lloyd Evans |
||
| 100 | _aEvans, Gareth Lloyd | ||
| 260 |
_aEdinburgh _bOliver and Boyd _c1971 |
||
| 300 | _a5pts.: plates.; 18cm.- | ||
| 490 | _aWriters and critics | ||
| 500 | _apt. 1-1564-1592 | ||
| 500 | _apt. 3-1599-1604 | ||
| 500 | _apt. 4-1601-1605 | ||
| 500 | _apt. 5-1606-1616 | ||
| 500 | _apt.2 is not in the library | ||
| 082 |
_a822.338 _bSHA /EVA |
||
| 041 | _aENG | ||
| 999 |
_c1704 _d1704 |
||